Meniti zaman

Bibliographic Details
Main Author: Ramli Abdul Halim
Format: Book
Published: Kuala Lumpur : Dewan Bahasa dan Pustaka , 1997
Subjects:

MARC

LEADER 00000cam a2200000 7i4500
001 0000004306
005 20050422.0
020 |a 9836250735 
040 |a INS 
090 0 0 |a PL5186.R165   |b M534 1997 
100 1 |a Ramli Abdul Halim 
245 1 0 |a Meniti zaman   |c Ramli Abdul Halim 
260 |a Kuala Lumpur :   |b Dewan Bahasa dan Pustaka ,   |c 1997 
300 |a 182 ms. 
650 0 0 |a Malay fiction 
650 0 0 |a Young adult fiction, Malay 
999 |a 0000007214   |b BOOK   |c Open Shelf   |e Default branch